000 00561nam a2200193Ia 4500
001 22800
003 GE_BSU
008 181216s||||||||xx |||||||||||||| ||und||
040 _cGE_BSU
245 _aБанковские технологии № 05(267) 2018
245 _cГл. ред. Ю.Н.Гордеев
260 _aМосква
260 _c2018
300 _a55 стр. 30 см. илл.
653 _aБанковские технологии № 05(267) 2018
653 _aПериодика
653 _aპერიოდიკა
942 _cCR
999 _c55705
_d55705